Normal view
MARC view
- WILSON,W KER
Entry Personal Name
001 - CONTROL NUMBER
- control field: 80142
003 - CONTROL NUMBER IDENTIFIER
- control field: NUST
005 - DATE AND TIME OF LATEST TRANSACTION
- control field: 20210628210613.0
008 - FIXED-LENGTH DATA ELEMENTS
- fixed length control field: 210628|| aca||aabn | a|a d
040 ## - CATALOGING SOURCE
- Original cataloging agency: NUST
- Transcribing agency: NUST
100 ## - HEADING--PERSONAL NAME
- Personal name: WILSON,W KER
670 ## - SOURCE DATA FOUND
- Source citation: Work cat.: (NUST): WILSON,W KER, PRACTICAL SOLUTION OF TORSIONAL VIBRATION PROBLEMS, 1963
